000 00605nam a2200205Ia 4500
003 GCL
008 140319s9999 xx 000 0 ara d
040 _aGCL /
_cGCL
082 0 4 _a811.4
_bع ن
100 1 _aعبدالستار احمد فراج
245 1 0 _aنديم الخلفاء /
_cعبدالستار احمد فراج
300 _a127 ص
490 _aكتاب
_v0
650 0 4 _aالادب العربى
650 0 4 _aالهجاء العربى
650 0 4 _aالغزل
650 0 4 _aالمدح
650 0 4 _aالشعر العربى - العصر العباسى الاول
942 _2ddc
_cBK
999 _c42151
_d42151